Countries of America - One Minute Sprint - Statistics

General Stats
  • This quiz has been taken 182 times
  • The average score is 26 of 35
Answer Stats
Country % Correct
Canada
96%
Mexico
96%
United States
96%
Panama
86%
Belize
84%
Brazil
84%
Guatemala
81%
Colombia
80%
Argentina
79%
Peru
79%
Honduras
77%
Bolivia
76%
Chile
76%
Costa Rica
76%
Nicaragua
76%
Venezuela
76%
Cuba
74%
El Salvador
74%
Uruguay
74%
Ecuador
73%
Paraguay
73%
Suriname
71%
Bahamas
70%
Barbados
69%
Guyana
69%
Jamaica
69%
Saint Kitts and Nevis
69%
Haiti
67%
Saint Lucia
67%
Saint Vincent and the Grenadines
66%
Dominica
64%
Antigua and Barbuda
61%
Dominican Republic
60%
Grenada
60%
Trinidad and Tobago
59%
No matching quizzes found
Score Distribution
Percent of People with Each Score
Percentile by Number Answered
Your Score History
You have not taken this quiz